ბათუმის შოთა რუსთაველის სახელმწიფო უნივერსიტეტის ბიბლიოთეკა

საშვილოსნოს ყელის მეტაპლაზიური პროცესების კლინიკო-კოლპოსკოპიური, ციტოჰისტოპათოლოგიური და იმუნოჰისტოქიმიური თავისებურებები / (ბიბ.ჩანაწერი № 51856)

000 -ლიდერი
ფიქსირებული სიგრძის საკონტროლო ველი 01755nam a2200241Ia 4500
001 - საკონტროლო ნომერი
საკონტროლო ველი 18854
003 - საკონტროლო ნომრის იდენტიფიკატორი
საკონტროლო ველი GE_BSU
005 - ბოლო ოპერაციის თარიღი და დრო
საკონტროლო ველი 20210413140241.0
008 - ფიქსირებული სიგრძის მონაცემთა ელემენტები - ზოგადი ინფორმაცია
ფიქსირებული სიგრძის საკონტროლო ველი 181216s2014||||ge |||||||||||||| ||geo||
040 ## - კატალოგიზაციის წყარო
Transcribing agency GE_BSU
041 ## - ენის კოდი
Language code of text/sound track or separate title geo
080 ## - უნივერსალური ათობითი კლასიფიკაციის ინდექსი
Universal Decimal Classification number 61 ჩ-76
100 ## - მთავარი ჩანაწერი - პიროვნების სახელი
Personal name ჩოგოვაძე, ნინო
9 (RLIN) 11294
245 ## - ცნობა სათაურის შესახებ
Title საშვილოსნოს ყელის მეტაპლაზიური პროცესების კლინიკო-კოლპოსკოპიური, ციტოჰისტოპათოლოგიური და იმუნოჰისტოქიმიური თავისებურებები /
Statement of responsibility, etc ნინო ჩოგოვაძე ; სამეცნ. ხემძღვ. გიორგი ბურკაძე ; თბილისის სახელმწიფო სამედიცინო უნივერსიტეტი.
264 ## - წარმოების, გამოცემის, დისტრიბუციის და სხვა ცნობები
გამოცემის, წარმოების, დისტრიბუციის... ადგილი თბილისი,
გამოცემის, წარმოების, დისტრიბუციის... თარიღი 2014.
300 ## - ფიზიკური აღწერა
Extent 101 გვ.;
Other physical details 30 სმ.
653 ## - INDEX TERM--UNCONTROLLED
Uncontrolled term დისერტაცია
653 ## - INDEX TERM--UNCONTROLLED
Uncontrolled term მედიცინა
653 ## - INDEX TERM--UNCONTROLLED
Uncontrolled term საშვილოსნოს ყელის მეტაპლაზიური პროცესების კლინიკო-კოლპოსკოპიური, ციტოჰისტოპათოლოგიური და იმუნოჰისტოქიმიური თავისებურებები
700 ## - ADDED ENTRY--PERSONAL NAME
Personal name ბურკაძე, გიორგი
Relator term სამეცნიერო ხელმძღვანელი
9 (RLIN) 3253
710 ## - ADDED ENTRY--CORPORATE NAME
Corporate name or jurisdiction name as entry element თბილისის სახელმწიფო სამედიცინო უნივერსიტეტი
9 (RLIN) 11295
942 ## - ADDED ENTRY ELEMENTS (KOHA)
Koha item type წიგნი
Source of classification or shelving scheme
ეგზემპლარები
ჩამოწერის სტატუსი დაკარგული ეგზემპლარის სტატუსი კლასიფიკაციის წყარო ან თაროზე გაწყობის სქემა დაზიანების სტატუსი არ გაიცემა მუდმივი მდებარეობა (დაცვის ადგილი) ამჟამინდელი ადგილსამყოფელი თაროზე განთავსების ადგილი შეძენის თარიღი სრული შენახვის შიფრი შტრიხკოდი ბოლო ოპერაციის თარიღი ეგზემპლარის მიმდევრობითი ნომერი (კეტერი?) ფასის ძალაში შესვლის თარიღი ეგზემპლარის სახეობა
          ბათუმის შოთა რუსთაველის სახელმწიფო უნივერსიტეტის მთავარი ბიბლიოთეკა ბათუმის შოთა რუსთაველის სახელმწიფო უნივერსიტეტის მთავარი ბიბლიოთეკა წიგნსაცავი 2018-12-17 61 ჩ-76 204 დისერტ. 2018-12-17 204 2018-12-17 დისერტაცია